[Event "Cologne Longerich op 3rd"]
[Site "Cologne"]
[Date "2004.07.03"]
[Round "2"]
[White "Jansen, Kurt"]
[Black "Timofeev, Eduard"]
[Result "1-0"]
[WhiteElo "1490"]
[BlackElo "1244"]
[PlyCount "131"]
[EventDate "2004.06.26"]
[EventType "swiss"]
[EventRounds "7"]
[EventCountry "GER"]
[SourceTitle "EXT 2006"]
[Source "ChessBase"]
[SourceDate "2005.11.24"]
[SourceVersion "1"]
[SourceVersionDate "2005.11.24"]
[SourceQuality "1"]

1. e4 e5 2. Bc4 Nf6 3. Nc3 Be7 4. Nf3 0-0 5. Nxe5 Nxe4 6. Bxf7+ Rxf7 7. Nxf7 Qf8 8. Nxe4 Qxf7 9. 0-0 b6 10. d3 Bb7 11. b3 d5 12. Ng3 Nd7 13. Bb2 Rf8 14. f3 Nf6 15. Be5 c5 16. c3 Nh5 17. Nxh5 Qxh5 18. Bg3 Rf6 19. Qe2 Bd8 20. Rae1 Bc6 21. Qe5 Qg6 22. Qb8 Rf8 23. Qd6 Bf6 24. Re6 Bb7 25. Be5 Bc8 26. Rxf6 gxf6 27. Qxd5+ Kg7 28. Bg3 Re8 29. Qd6 Bf5 30. d4 Bd3 31. Qd7+ Kh8 32. Re1 Rxe1+ 33. Bxe1 Qg5 34. Qe8+ Kg7 35. Qd7+ Kg8 36. Qg4 h5 37. Qxg5+ fxg5 38. dxc5 bxc5 39. Bf2 Bb1 40. Bxc5 Bxa2 41. b4 a6 42. Kf2 Kf7 43. Ke3 Ke6 44. g3 Kf5 45. h3 g4 46. fxg4+ hxg4 47. h4 Bf7 48. Kd4 Bg8 49. Bd6 Bf7 50. c4 Ke6 51. Bf4 Kd7 52. Kc5 Bg6 53. Kb6 Bd3 54. Kxa6 Bxc4+ 55. b5 Kc8 56. Kb6 Bd5 57. Kc5 Bf3 58. b6 Kb7 59. Bc7 Be4 60. Kd6 Bc6 61. h5 Be4 62. Ke5 Bc2 63. h6 Bb1 64. Kf4 Bc2 65. Kxg4 Bb1 66. Kg5 1-0